802.11 (Wi-Fi) : (رقم التسجيلة. 524)

تفاصيل مارك
000 -الفاتح
حقل البيانات ثابتة الطول 01374cam a22003617a 4500
001 - رقم الضبط
رقم الضبط 13457794
003 - محدد رقم الضبط
رقم الضبط OSt
005 - وقت وتاريخ اخر تعامل مع التسجيلة
رقم الضبط 20150408113720.0
008 - عناصر البيانات ثابتة الطول - معلومات عامة
حقل البيانات ثابتة الطول 040114s2003 nyua 001 0 eng
010 ## - رقم ضبط مكتبة الكونجرس
رقم ضبط مكتبة الكونجرس 2004296161
015 ## - رقم الببليوجرافية الوطنية
رقم الببليوجرافية الوطنية GBA2-U9488
020 ## - الرقم الدولى المعيارى للكتب
الرقم الدولى المعيارى للكتاب 0072226234
035 ## - رقم ضبط النظام
رقم ضبط النظام (OCoLC)ocm50653213
040 ## - مصدر الفهرسة
وكالة الفهرسة الأصلية UKM
وكالة النسخ UKM
وكالة التعديل IXA
-- OCLCQ
-- GZM
-- DLC
042 ## - رمز التحقق
رمز التحقق lccopycat
050 00 - رقم طلب مكتبة الكونجرس
رقم التصنيف TK5105.5668
رقم المادة .R45 2003
082 04 - رقم تصنيف ديوى العشرى
رقم التصنيف 621.3845
رقم الطبعة 21
100 1# - المدخل الرئيسى - إسم شخصى
الإسم الشخصى Reid, Neil P.
9 (RLIN) 5741
245 10 - بيان العنوان
العنوان 802.11 (Wi-Fi) :
بقية العنوان networking handbook /
بيان المسئوليه,etc Neil Reid and Ron Seide.
260 ## - PUBLICATION, DISTRIBUTION, ETC. (IMPRINT)
مكان الناشر او الموزع New York :
اسم الناشر او الموزع McGraw-Hill/Osborne,
تاريخ النشر أو التوزيع c2003.
300 ## - الوصف المادى
التعداد xx, 363 p. :
تفاصيل ماديه اخرى للوعاء ill. ;
أبعاد الوعاء 24 cm.
500 ## - تبصرة عامة
تبصرة عامة Includes index.
650 #0 - المدخل الاضافى بالموضوع-مصطلح موضوعى
مصطلح موضوعي أو اسم جغرافي كعنصر مدخل IEEE 802.11 (Standard)
9 (RLIN) 5723
650 #0 - المدخل الاضافى بالموضوع-مصطلح موضوعى
مصطلح موضوعي أو اسم جغرافي كعنصر مدخل Data transmission systems.
9 (RLIN) 5742
650 #0 - المدخل الاضافى بالموضوع-مصطلح موضوعى
مصطلح موضوعي أو اسم جغرافي كعنصر مدخل Wireless communication systems.
9 (RLIN) 5743
650 #0 - المدخل الاضافى بالموضوع-مصطلح موضوعى
مصطلح موضوعي أو اسم جغرافي كعنصر مدخل Local area networks (Computer networks)
9 (RLIN) 4818
700 1# - المدخل الاضافى - اسم شخصى
الإسم الشخصى Seide, Ron.
9 (RLIN) 5744
856 42 - الوصول و الموقع الالكترونى
مواد محددة Publisher description
معرف المصدر الموحد <a href="http://www.loc.gov/catdir/description/mh051/2004296161.html">http://www.loc.gov/catdir/description/mh051/2004296161.html</a>
856 42 - الوصول و الموقع الالكترونى
مواد محددة Contributor biographical information
معرف المصدر الموحد <a href="http://www.loc.gov/catdir/bios/mh042/2004296161.html">http://www.loc.gov/catdir/bios/mh042/2004296161.html</a>
856 41 - الوصول و الموقع الالكترونى
مواد محددة Table of contents
معرف المصدر الموحد <a href="http://www.loc.gov/catdir/toc/mh041/2004296161.html">http://www.loc.gov/catdir/toc/mh041/2004296161.html</a>
942 ## - عناصر المدخل الإضافي( كوها)
مصدر التصنيف او مخطط الترفيف Dewey Decimal Classification
Koha [default] item type كتاب
المقتنيات
حالة الفقد نموذج السعر الفعال حالة تلف ليس للاعارة رقم الطلب تاريخ الاكتساب الموقع الحالي الباركود الفرع الرئيسي Date last seen نوع المادة فى نظام كوها مصدر التصنيف او خطة الترفيف Total Checkouts
  2013-03-10     621.3845 R N W 2011-10-27 المكتبة المركزية بالمجمعة (CL) 00048626 المكتبة المركزية بالمجمعة (CL) 2013-03-10 كتاب Dewey Decimal Classification  
  2013-03-10     621.3845 R N W 2011-10-27 المكتبة المركزية بالمجمعة (CL) 00048627 المكتبة المركزية بالمجمعة (CL) 2013-03-10 كتاب Dewey Decimal Classification  
  2013-03-10     621.3845 R N W 2011-10-27 المكتبة المركزية بالمجمعة (CL) 00048628 المكتبة المركزية بالمجمعة (CL) 2013-03-10 كتاب Dewey Decimal Classification